1410 1328 1755 1657 1052 1667 1171 1537 1755 1722 1306 1209 1956 1620 1142 1535 1163 1248 1128 1959 1850 1396 1301 1959 1518 1872 1510 1060 1733 1237 1940 1428 1635 1020 1581 1946 1605 1452 1275 1963 1091 1618 1916 1066 1359 1523 1075 1400 1628 1475 1399 1640 1762 1911 1503 1831 1708 1195 1126 1271 1565 1784 1746 1351 1604 1582 1245 1007 1314 1044 1792 1412 1324 1122 1869 1937 1187 1074 1905 1305 1250 1512 1109 1504 1438 1240 1424 1729 1259 1199 1244 1563 1856 1364 1062 1269 1557 1809 1301 BCNSPRNW ULIB Ver.6.0+V

เปลี่ยนเป็นภาษาไทย

Change to English
 แสดงรายละเอียดบรรณานุกรม
  กลับหน้าหลัก

Brief Record : Get Marc (ISO 2709) : E-mail record : QR code < ปิดหน้าต่าง
LEADER : 00000nam 2200000uu 4500
001    13399108872
003     ULIB
008    110315s2552||||th 000 0 tha d
020    9876111100945
060  4 WY100^bพ969ก 2552
100 0  ไพทูรย์ มาผิว
245 00 การประยุกต์ใช้ทฤษฎีระบบของนิวแมน:ในการพยาบาลผู้ป่วยปวดหลังส่วนล่าง/^cไพทูรย์ มาผิว
250    พิมพ์ครั้งที่ 2
260    อุตรดิตถ์:^bวิทยาลัยพยาบาลบรมราชชนนี อุตรดิตถ์,^c2552
300    119 หน้า :^ภาพประกอบ
650  7 ผู้ป่วยปวดหลัง
945    ^p150^l0^i025706
995    ทศพร
999 ^a ใช้งานได้ทุกระบบ
รายการนี้ยังไม่มีแท็ก
คุณยังไม่ได้ล็อกอิน คุณสามารถมีกิจกรรมร่วมกับเว็บไซต์ได้ แต่ต้องล็อกอินก่อน ::
  ล็อกอิน

รายการสื่อสารสนเทศ

ลำดับที่ ประเภท เลขเรียก/บาร์โค้ด สถานที่ สถานะ
- ไม่พบข้อมูล -

BibComment


ยังไม่เคยถูกคอมเมนท์

คอมเมนท์ทรัพยากรรายการนี้
  คอมเมนท์: การประยุกต์ใช้ทฤษ..


 Copyright 2026. Bcnsprnw @Library